000 00695nam a2200241Ia 4500
003 OSt
005 20220923230646.0
006 a|||||r|||| 00| 0
007 ta
008 220922b |||||||| |||| 00| 0 ben d
024 _a302,062
037 _cTextual
040 _aARTS
_cARTS
_bben
041 _2ben
_aben
082 _aO157,3N12,34, 152L7
100 _aमित्र, विमल
245 0 _aवे दोनों और वह
246 _aVe donoan aur vaha
260 _c1977
650 _aबंगाली साहित्य
_9156264
942 _hO157,3N12,34, 152L7
_cTEXL
_2CC
999 _c386337
_d386337